| 000 | 00381nam a22001217a 4500 | ||
|---|---|---|---|
| 082 | _a220 PRO | ||
| 100 |
_aWALEED,HASEEB, _972015 |
||
| 245 | _aPR-SOF-1263-TEHCNOLOGICAL IMPROVEMENTS IN CEILING FAN DESIGNTO ENHANCE ITS SERVICE VALUE | ||
| 260 |
_aISLAMABAD _bNUST COLLEGE OF EME _c2013 |
||
| 650 |
_aDE-MECH-31 _972016 |
||
| 700 |
_aSUPERVISOR ,DR IMRAN AKHTAR _969939 |
||
| 942 | _cCR | ||
| 999 |
_c578237 _d578237 |
||